000 00577nam a22001817a 4500
005 20150320102535.0
010 _aENG-112188
020 _a9789350098875
_c199.00
035 _aEN-95720
037 _bDBAD/PUB
082 _a921
100 _aBhanver, Jagmohan S.
245 _aNadella :
_cby Jagmohan S. Bhanver
_bthe Changing Face of Microsoft /
260 _aGurgaon
_bHachette Book Publishing
_c2014
270 _a4th & 5th Floor, Corporate Centre, Plot No.94, Sector -44
_bGurgaon
_e122003
300 _a107p.
_c19cm(pbk)
942 _2ddc
_cEN
_mNAD
_h921
999 _c91484
_d91484